[Event "ENG-ch rapid (Women)"]
[Site "London"]
[Date "2019.12.07"]
[Round "6"]
[White "Howell, Sue"]
[Black "Smithies, Olivia"]
[Result "1-0"]
[WhiteElo "1800"]
[BlackElo "1241"]
[PlyCount "66"]
[EventDate "2019.12.07"]
[EventType "swiss (rapid)"]
[EventRounds "7"]
[EventCountry "ENG"]
[SourceTitle "CBM 195 Extra"]
[Source "ChessBase"]
[SourceDate "2020.05.31"]
[SourceVersion "1"]
[SourceVersionDate "2020.05.31"]
[SourceQuality "1"]

1. d4 Nf6 2. c4 g6 3. Nc3 Bg7 4. e4 d6 5. Nf3 Nc6 6. d5 Ne5 7. Nxe5 dxe5 8. Be2 e6 9. 0-0 exd5 10. cxd5 0-0 11. b3 Bd7 12. Ba3 Re8 13. Rc1 c6 14. dxc6 Bxc6 15. Qc2 Rc8 16. Rfd1 Qa5 17. Bb2 Bxe4 18. Qd2 Red8 19. Qe3 Rxd1+ 20. Rxd1 Bc6 21. Bc4 b5 22. Be2 b4 23. Na4 Bxa4 24. bxa4 Qxa4 25. Bxe5 Re8 26. Qd4 Qxa2 27. Bb5 Re6 28. Qd8+ Bf8 29. Bxf6 a6 30. Bf1 Qa4 31. Bg5 Re8 32. Qd4 Qb5 33. Bxb5 axb5 1-0

[Event "BCF-chT4S 1819 (4NCL)"]
[Site "England"]
[Date "2019.05.04"]
[Round "9.112"]
[White "Chilton, James I"]
[Black "Howell, Sue"]
[Result "1/2-1/2"]
[WhiteElo "1747"]
[BlackElo "1817"]
[PlyCount "46"]
[EventDate "2018.11.17"]
[EventType "team-swiss"]
[EventRounds "11"]
[EventCountry "ENG"]
[SourceTitle "EXT 2021"]
[Source "ChessBase"]
[SourceDate "2020.10.23"]
[SourceVersion "1"]
[SourceVersionDate "2020.10.23"]
[SourceQuality "1"]
[WhiteTeam "Wessex III"]
[BlackTeam "Sussex Martlets III"]
[WhiteTeamCountry "ENG"]
[BlackTeamCountry "ENG"]

1. d4 e6 2. Bf4 d5 3. c4 c5 4. e3 Nf6 5. Nc3 a6 6. Nf3 Nc6 7. a4 h6 8. Rc1 cxd4 9. Nxd4 Nxd4 10. Qxd4 dxc4 11. Qxd8+ Kxd8 12. Bxc4 Bb4 13. 0-0 Bd7 14. Rfd1 Rc8 15. Ne2 Ke7 16. Bb3 Rxc1 17. Nxc1 Rc8 18. Nd3 Ba5 19. Ne5 Bc7 20. Nxd7 Nxd7 21. Rc1 Kd8 22. Bxc7+ Rxc7 23. Rxc7 Kxc7 1/2-1/2

[Event "BCF-chT 9697 (4NCL)"]
[Site "England"]
[Date "1997.02.23"]
[Round "8.8"]
[White "Howell, Sue"]
[Black "Houska, Ivana"]
[Result "1-0"]
[WhiteElo "1872"]
[BlackElo "1408"]
[PlyCount "71"]
[EventDate "1996.10.??"]
[EventType "team"]
[EventRounds "12"]
[EventCountry "ENG"]
[SourceTitle "EXT 1999"]
[Source "ChessBase"]
[SourceDate "1998.11.16"]
[SourceVersion "1"]
[SourceVersionDate "1998.11.16"]
[SourceQuality "1"]
[WhiteTeam "Invicta Knights Maidstone"]
[BlackTeam "Witney"]
[WhiteTeamCountry "ENG"]
[BlackTeamCountry "ENG"]

1. d4 d5 2. c4 c6 3. cxd5 cxd5 4. Nc3 e6 5. Nf3 Nf6 6. Bg5 Be7 7. e3 0-0 8. Bd3 Nc6 9. a3 Qc7 10. 0-0 a6 11. Rc1 Qd8 12. h3 Bd7 13. Ne5 h6 14. Bf4 Qb6 15. Na4 Qa5 16. Nc5 Bxc5 17. Rxc5 Qb6 18. b4 Rac8 19. Qf3 Nxe5 20. Bxe5 Qd8 21. Rfc1 Qe7 22. Rc7 Rfd8 23. Kh2 Ne8 24. Qg3 Nf6 25. Bxf6 Qxf6 26. Rxc8 Rxc8 27. Rxc8+ Bxc8 28. Qc7 g6 29. Qxc8+ Kh7 30. f4 Qe7 31. Qc5 Qd7 32. e4 dxe4 33. Bxe4 h5 34. d5 exd5 35. Qxd5 h4 36. Qxd7 1-0

[Event "4NCL 9495 2nd Season"]
[Site "England"]
[Date "1995.03.19"]
[Round "10.8"]
[White "Howell, Sue"]
[Black "Jackson, Sheila"]
[Result "0-1"]
[WhiteElo "1775"]
[BlackElo "2180"]
[PlyCount "82"]
[EventDate "1994.10.01"]
[EventType "team-tourn"]
[EventRounds "11"]
[EventCountry "GBR"]
[SourceTitle "EXT 2022"]
[Source "ChessBase"]
[SourceDate "2021.10.06"]
[SourceVersion "1"]
[SourceVersionDate "2021.10.06"]
[SourceQuality "1"]
[WhiteTeam "Invicta Knights Maidstone"]
[BlackTeam "Wood Green"]
[WhiteTeamCountry "ENG"]
[BlackTeamCountry "ENG"]

1. d4 Nf6 2. c4 e6 3. Nc3 Bb4 4. Qc2 c5 5. e3 Nc6 6. Nf3 0-0 7. Bd2 b6 8. Be2 Bb7 9. 0-0 cxd4 10. exd4 d5 11. a3 Be7 12. Be3 Rc8 13. b3 dxc4 14. Bxc4 Na5 15. Ne5 Nd5 16. Bxd5 exd5 17. b4 Nc4 18. Nxc4 Rxc4 19. Qd2 Qd7 20. h3 Rfc8 21. Rac1 a5 22. Na2 Qa4 23. Rxc4 Rxc4 24. Rc1 Qxa3 25. bxa5 Qxa5 26. Qxa5 Rxc1+ 27. Bxc1 bxa5 28. Kf1 Ba6+ 29. Ke1 Bc4 30. Nc3 Bb4 31. Bd2 Kf8 32. g3 Ke7 33. h4 Kd6 34. Kd1 Bb3+ 35. Kc1 Ba3+ 36. Kb1 Kc6 37. Na2 Kb5 38. Nc3+ Kc4 39. Ne2 Kd3 40. Nc1+ Kxd2 41. Nxb3+ Ke2 0-1

[Event "4NCL 9495 2nd Season"]
[Site "England"]
[Date "1995.02.18"]
[Round "7.8"]
[White "Richmond, Jane"]
[Black "Howell, Sue"]
[Result "1/2-1/2"]
[WhiteElo "2165"]
[BlackElo "1775"]
[PlyCount "87"]
[EventDate "1994.10.01"]
[EventType "team-tourn"]
[EventRounds "11"]
[EventCountry "GBR"]
[SourceTitle "EXT 2022"]
[Source "ChessBase"]
[SourceDate "2021.10.06"]
[SourceVersion "1"]
[SourceVersionDate "2021.10.06"]
[SourceQuality "1"]
[WhiteTeam "South Wales Dragons"]
[BlackTeam "Invicta Knights Maidstone"]
[WhiteTeamCountry "WLS"]
[BlackTeamCountry "ENG"]

1. e4 e6 2. d4 d5 3. Nc3 dxe4 4. Nxe4 Bd7 5. Bd3 Bc6 6. Ne2 Nf6 7. f3 Be7 8. 0-0 0-0 9. c4 b6 10. Kh1 Bb7 11. Be3 Nbd7 12. Qc2 h6 13. Rad1 Qc8 14. N2c3 c5 15. Nxf6+ Bxf6 16. d5 exd5 17. cxd5 Bd4 18. Bf4 Ne5 19. Bf5 Qd8 20. Nb5 Qf6 21. Rfe1 Ng6 22. Bd6 Rfe8 23. Bxg6 Qxg6 24. Qxg6 fxg6 25. Be7 Bxd5 26. Nc7 Bxa2 27. Nxa8 Rxa8 28. Bh4 Bb3 29. Rd3 Bc4 30. Rd2 Rc8 31. Bf2 Bf6 32. h4 Kf7 33. Rc1 Be6 34. Kh2 g5 35. g3 Be5 36. hxg5 hxg5 37. Be3 Kg6 38. f4 gxf4 39. gxf4 Bf6 40. Rd6 Rh8+ 41. Kg3 Bf5 42. Rg1 Rh3+ 43. Kf2+ Kf7 44. b3 1/2-1/2